Under Protective Surveillance

Salvato in:
Dettagli Bibliografici
Autore principale: Flemming, Marlis
Natura: Libro
Lingua:inglese
Pubblicazione: Toronto MacClelland and Stewart 1976
Edizione:1. ed.
Soggetti:
Tags: Aggiungi Tag
Nessun Tag, puoi essere il primo ad aggiungerne!!

MARC

LEADER 00000nam a2200000 4500
001 c002061
005 20221220103353.4
041 0 |a eng 
044 |a CA 
245 1 0 |a Under Protective Surveillance  |c Marlis Flemming 
250 |a 1. ed. 
264 1 |a Toronto  |b MacClelland and Stewart  |c 1976 
300 |a 317 s. 
610 2 0 |a Kanada 
610 2 0 |a povolania 
610 2 0 |a testy 
610 2 0 |a výcvik 
100 1 |a Flemming, Marlis